[Event "ch-SUI"]
[Site "Lenzerheide SUI"]
[Date "2010.07.08"]
[Round "1"]
[White "Pelletier,Y"]
[Black "Jenni,F"]
[Result "1-0"]
[WhiteElo "2589"]
[BlackElo "2542"]
[EventDate "2010.07.08"]

1. Nf3 Nf6 2. c4 b6 3. d4 e6 4. g3 Ba6 5. Qa4 Bb7 6. Bg2 c5 7. dxc5 Bxc5 8.
O-O Be7 9. Nc3 Ne4 10. Nxe4 Bxe4 11. Rd1 Qc8 12. Bf4 Na6 13. Rd4 Nc5 14.
Qd1 a5 15. Bd6 Bxd6 16. Rxd6 Qc7 17. Qd4 f6 18. Rd1 Bc2 19. Rd2 Bb1 20. b3
Rd8 21. Ne1 Ke7 22. Qb2 Bf5 23. a3 Ne4 24. Bxe4 Bxe4 25. Qd4 Bc6 26. Nc2 h5
27. c5 Rb8 28. b4 axb4 29. Nxb4 1-0

[Event "ch-SUI"]
[Site "Lenzerheide SUI"]
[Date "2010.07.08"]
[Round "1"]
[White "Kurmann,O"]
[Black "Gallagher,Jo"]
[Result "0-1"]
[WhiteElo "2449"]
[BlackElo "2499"]
[EventDate "2010.07.08"]

1. e4 c5 2. Nf3 d6 3. d4 cxd4 4. Nxd4 Nf6 5. Nc3 a6 6. Be3 e5 7. Nf3 Be7 8.
Bc4 O-O 9. O-O Qc7 10. Qe2 Be6 11. Bb3 Rc8 12. Rfd1 Nbd7 13. Bg5 b5 14.
Rac1 Qa5 15. Qe1 h6 16. Bxf6 Nxf6 17. Nd5 Qxe1+ 18. Nxe1 Bxd5 19. Bxd5 Rab8
20. f3 Bd8 21. Kf2 Kf8 22. Bb3 Ke7 23. Nd3 a5 24. a3 Nd7 25. Ke2 Nb6 26. c3
Nc4 27. Ra1 g6 28. Ra2 Bb6 29. Rc1 Be3 30. Rca1 Ba7 31. Rc1 f5 32. g3 Ne3
33. Raa1 Nc4 34. Ra2 Ne3 35. Raa1 fxe4 36. fxe4 Ng4 37. h3 Nf6 38. Bd5 g5
39. Rd1 Rf8 40. Rf1 Nxd5 41. exd5 e4 42. Nf2 Rf3 43. Nh1 Rbf8 44. Rfc1 Re3+
45. Kd2 Rd3+ 46. Ke2 Rff3 47. a4 Rfe3+ 48. Kf1 Rd2 0-1

[Event "ch-SUI"]
[Site "Lenzerheide SUI"]
[Date "2010.07.08"]
[Round "1"]
[White "Ekstroem,R"]
[Black "Forster,Ri"]
[Result "1/2-1/2"]
[WhiteElo "2496"]
[BlackElo "2438"]
[EventDate "2010.07.08"]

1. e4 c5 2. c3 d5 3. exd5 Qxd5 4. d4 Nf6 5. Nf3 e6 6. Bd3 Be7 7. O-O Nc6 8.
Be3 O-O 9. a3 Rd8 10. Qe2 b6 11. Rd1 cxd4 12. cxd4 Bb7 13. Nc3 Qh5 14. Rac1
Rac8 15. Ba6 Bxa6 16. Qxa6 Rc7 17. Bf4 Nb8 18. Qa4 Rb7 19. Ne5 Qf5 20. Bg3
h6 21. h3 Ne4 22. Rd3 Nxg3 23. Rxg3 Bf6 24. Re1 b5 25. Nxb5 a6 26. Nc3 Rxb2
27. Ng4 Bg5 28. Ne4 Qb5 29. Qd1 1/2-1/2

[Event "ch-SUI"]
[Site "Lenzerheide SUI"]
[Date "2010.07.09"]
[Round "2"]
[White "Zueger,B"]
[Black "Kurmann,O"]
[Result "1/2-1/2"]
[WhiteElo "2404"]
[BlackElo "2449"]
[EventDate "2010.07.08"]

1. c4 Nf6 2. Nc3 c5 3. g3 e6 4. Nf3 b6 5. Bg2 Bb7 6. O-O d6 7. b3 Be7 8.
Bb2 O-O 9. e3 Nbd7 10. d4 Ne4 11. Nxe4 Bxe4 12. Nd2 Bxg2 13. Kxg2 Nf6 14.
Qf3 cxd4 15. Bxd4 Qc7 1/2-1/2

[Event "ch-SUI"]
[Site "Lenzerheide SUI"]
[Date "2010.07.09"]
[Round "2"]
[White "Korchnoi,V"]
[Black "Ekstroem,R"]
[Result "1/2-1/2"]
[WhiteElo "2564"]
[BlackElo "2496"]
[EventDate "2010.07.08"]

1. d4 Nf6 2. c4 e6 3. Nf3 b6 4. Nc3 Bb7 5. Bg5 h6 6. Bxf6 Qxf6 7. e4 Bb4 8.
Bd3 Nc6 9. a3 Bxc3+ 10. bxc3 d6 11. O-O O-O 12. Qa4 e5 13. c5 dxc5 14. d5
Na5 15. Nd2 c6 16. c4 Rfe8 17. Rad1 Rad8 18. Rfe1 Bc8 19. Nf1 Bg4 20. Rd2
Bd7 21. Qc2 cxd5 22. exd5 Nb7 23. Ng3 Nd6 24. Rde2 Re7 25. Re3 g6 26. h3
Kh8 27. Ne4 Nxe4 28. Rxe4 Rde8 29. Qe2 Qd6 30. f4 f6 31. Qf2 Bf5 32. fxe5
fxe5 33. R4e3 Bxd3 34. Rxd3 e4 35. Qb2+ Qe5 36. Qxe5+ Rxe5 37. Rg3 Kg7 38.
a4 e3 39. d6 Re4 40. a5 bxa5 41. d7 Rd8 42. Rgxe3 Rxe3 43. Rxe3 Rxd7 44.
Ra3 Rd4 45. Rxa5 Rxc4 46. Rxa7+ Kf6 47. Ra6+ Kf5 48. Kf2 h5 49. Rc6 Rc2+
50. Kf3 Rc3+ 51. Ke2 h4 52. Kd2 Rg3 53. Rxc5+ Kf4 54. Rc4+ Kg5 55. Rc5+ Kf6
56. Rc6+ Ke5 57. Rc5+ Kd4 58. Ra5 Rxg2+ 59. Ke1 Ke3 60. Kf1 Rg3 61. Ra4 g5
62. Ra2 Kf4 63. Rf2+ Ke3 64. Ra2 Ke4 65. Re2+ Kf5 66. Rh2 Rc3 67. Rf2+ Ke4
68. Kg2 Rg3+ 69. Kh2 Rf3 70. Rg2 Kf4 71. Rg4+ Kf5 72. Ra4 Rf2+ 73. Kg1 Rf4
74. Ra5+ Kf6 75. Ra6+ Kf5 76. Ra5+ Kf6 77. Ra6+ 1/2-1/2

[Event "ch-SUI"]
[Site "Lenzerheide SUI"]
[Date "2010.07.09"]
[Round "2"]
[White "Huss,A"]
[Black "Jenni,F"]
[Result "1/2-1/2"]
[WhiteElo "2304"]
[BlackElo "2542"]
[EventDate "2010.07.08"]

1. d4 Nf6 2. Nf3 e6 3. c4 b6 4. a3 Bb7 5. Nc3 d5 6. cxd5 Nxd5 7. e3 Nd7 8.
Bd3 g6 9. O-O Bg7 10. e4 Nxc3 11. bxc3 O-O 12. Bg5 1/2-1/2

[Event "ch-SUI"]
[Site "Lenzerheide SUI"]
[Date "2010.07.10"]
[Round "3"]
[White "Pelletier,Y"]
[Black "Zueger,B"]
[Result "1-0"]
[WhiteElo "2589"]
[BlackElo "2404"]
[EventDate "2010.07.08"]

1. e4 e6 2. d4 d5 3. Nc3 Nf6 4. e5 Nfd7 5. f4 c5 6. Nf3 Nc6 7. Be3 Qb6 8.
Na4 Qa5+ 9. c3 cxd4 10. b4 Nxb4 11. cxb4 Bxb4+ 12. Bd2 Bxd2+ 13. Nxd2 O-O
14. Bd3 b5 15. Nb2 Nb6 16. O-O Nc4 17. Nb3 Qc3 18. Bxc4 bxc4 19. Qxd4 Qb4
20. Nc1 1-0

[Event "ch-SUI"]
[Site "Lenzerheide SUI"]
[Date "2010.07.10"]
[Round "3"]
[White "Kurmann,O"]
[Black "Forster,Ri"]
[Result "1-0"]
[WhiteElo "2449"]
[BlackElo "2438"]
[EventDate "2010.07.08"]

1. e4 c5 2. Nf3 e6 3. d4 cxd4 4. Nxd4 a6 5. Bd3 Bc5 6. Nb3 Be7 7. Qg4 g6 8.
Qe2 d6 9. O-O Nd7 10. Na3 Ne5 11. Nc4 Nxc4 12. Bxc4 b5 13. Bd3 Bd7 14. Rd1
e5 15. c4 Qb8 16. f3 Nf6 17. Bh6 Rg8 18. Be3 bxc4 19. Bxc4 a5 20. a4 g5 21.
g4 Bd8 22. Bb5 Bb6 23. Bxd7+ Nxd7 24. Rd5 Qa7 25. Kf2 Ke7 26. Rxa5 Bxe3+
27. Qxe3 Qxe3+ 28. Kxe3 Rac8 29. Rb5 Rc2 30. Nd2 Nc5 31. a5 Kd7 32. a6 Kc6
33. Rb4 Ra8 34. a7 Kc7 35. Nc4 Ne6 36. Kd3 Rf2 37. Nb6 Rxf3+ 38. Kc4 d5+
39. exd5 Rf4+ 40. Kc3 Rf3+ 41. Kd2 Rf2+ 42. Ke3 1-0

[Event "ch-SUI"]
[Site "Lenzerheide SUI"]
[Date "2010.07.11"]
[Round "4"]
[White "Zueger,B"]
[Black "Jenni,F"]
[Result "1/2-1/2"]
[WhiteElo "2404"]
[BlackElo "2542"]
[EventDate "2010.07.08"]

1. c4 e5 2. Nc3 Bb4 3. Nd5 Be7 4. d4 exd4 5. Qxd4 Nf6 6. Nf3 Nc6 7. Qd3 O-O
8. Bd2 Nxd5 9. cxd5 Nb4 10. Qe4 a5 11. d6 cxd6 12. a3 d5 13. Qb1 Na6 14. e3
Nc5 15. Qc2 d6 16. Be2 Bd7 17. Nd4 Bf6 18. Bc3 Rc8 19. O-O g6 20. Bf3 Ba4
21. Qd2 Bb3 22. Bxa5 b6 23. Bc3 1/2-1/2

[Event "ch-SUI"]
[Site "Lenzerheide SUI"]
[Date "2010.07.11"]
[Round "4"]
[White "Huss,A"]
[Black "Gallagher,Jo"]
[Result "0-1"]
[WhiteElo "2304"]
[BlackElo "2499"]
[EventDate "2010.07.08"]

1. d4 Nf6 2. c4 g6 3. Nf3 Bg7 4. Nc3 O-O 5. e4 d6 6. Be2 e5 7. d5 a5 8. h3
Na6 9. Bg5 h6 10. Be3 Nh5 11. g3 f5 12. exf5 gxf5 13. Nd2 f4 14. Bxh5 fxe3
15. fxe3 e4 16. Ndxe4 Qe7 17. Qd2 Bf5 18. Nf2 Nc5 19. Bg4 Rae8 20. O-O Qg5
21. Kh2 Bxg4 22. Nxg4 h5 23. Rxf8+ Rxf8 24. Nf2 Rf3 25. Rg1 Be5 26. Nh1 h4
27. Qg2 Rxe3 28. Ne2 Ne4 29. b3 Kh8 30. Qf1 hxg3+ 31. Kg2 Kg7 32. Qd1 Qh5
33. Re1 Nf2 34. Nexg3 Qxd1 35. Nf5+ Kf6 36. Rxd1 Nxd1 37. Nxe3 Nxe3+ 38.
Kf3 Nd1 39. a3 a4 0-1

[Event "ch-SUI"]
[Site "Lenzerheide SUI"]
[Date "2010.07.11"]
[Round "4"]
[White "Forster,Ri"]
[Black "Pelletier,Y"]
[Result "1/2-1/2"]
[WhiteElo "2438"]
[BlackElo "2589"]
[EventDate "2010.07.08"]

1. c4 Nf6 2. g3 e5 3. Bg2 c6 4. d4 Bb4+ 5. Bd2 Bxd2+ 6. Qxd2 d6 7. Nc3 O-O
8. e4 Nbd7 9. Nge2 a6 10. O-O b5 11. Rfd1 Bb7 12. cxb5 axb5 13. b4 Nb6 14.
Qc2 Qe7 15. a4 bxa4 16. Nxa4 Nxa4 17. Rxa4 Rxa4 18. Qxa4 Ra8 19. Qc2 Qe6
20. Qc3 h6 21. Nc1 exd4 22. Qxd4 c5 23. bxc5 dxc5 24. Qxc5 Bxe4 25. Re1 Qd5
26. Qxd5 Bxd5 1/2-1/2

[Event "ch-SUI"]
[Site "Lenzerheide SUI"]
[Date "2010.07.12"]
[Round "5"]
[White "Kurmann,O"]
[Black "Ekstroem,R"]
[Result "0-1"]
[WhiteElo "2449"]
[BlackElo "2496"]
[EventDate "2010.07.08"]

1. e4 e5 2. Nf3 Nc6 3. d4 exd4 4. Nxd4 Nf6 5. Nxc6 bxc6 6. e5 Qe7 7. Qe2
Nd5 8. c4 Nb6 9. b3 Qe6 10. g3 a5 11. a4 Bb4+ 12. Bd2 O-O 13. Bg2 Re8 14.
f4 d5 15. Bxb4 axb4 16. Nd2 dxc4 17. Nxc4 Ba6 18. Rc1 Bxc4 19. bxc4 Nxa4
20. O-O Nc3 21. Qf3 Ra2 22. Rce1 Qxc4 23. Qxc6 Qxc6 24. Bxc6 Re6 25. Bd7
Re7 26. Bg4 g6 27. f5 gxf5 28. Rxf5 b3 29. e6 b2 0-1

[Event "ch-SUI"]
[Site "Lenzerheide SUI"]
[Date "2010.07.12"]
[Round "5"]
[White "Jenni,F"]
[Black "Forster,Ri"]
[Result "0-1"]
[WhiteElo "2542"]
[BlackElo "2438"]
[EventDate "2010.07.08"]

1. Nf3 Nf6 2. d4 d6 3. Nc3 Bf5 4. Bg5 Nbd7 5. Nh4 Bg6 6. Nxg6 hxg6 7. e4 c6
8. Qd2 e6 9. O-O-O Be7 10. h4 Qa5 11. Kb1 b5 12. Bd3 Rb8 13. f3 c5 14. dxc5
dxc5 15. Bxf6 Bxf6 16. Be2 O-O 17. Qxd7 Rfd8 18. Qc6 Bxc3 19. bxc3 Qxc3 20.
Rxd8+ Rxd8 21. Qxb5 Rd4 22. Qe8+ Kh7 0-1

[Event "ch-SUI"]
[Site "Lenzerheide SUI"]
[Date "2010.07.13"]
[Round "6"]
[White "Huss,A"]
[Black "Zueger,B"]
[Result "1/2-1/2"]
[WhiteElo "2304"]
[BlackElo "2404"]
[EventDate "2010.07.08"]

1. d4 Nf6 2. c4 c5 3. d5 b5 4. cxb5 a6 5. bxa6 g6 6. Nc3 Bxa6 7. Nf3 d6 8.
e4 Bxf1 9. Kxf1 Nbd7 10. g3 Bg7 11. Kg2 O-O 12. Re1 Qa5 13. h3 Rfb8 14. e5
dxe5 15. Nxe5 Nxe5 16. Rxe5 Rb7 1/2-1/2

[Event "ch-SUI"]
[Site "Lenzerheide SUI"]
[Date "2010.07.13"]
[Round "6"]
[White "Forster,Ri"]
[Black "Gallagher,Jo"]
[Result "1/2-1/2"]
[WhiteElo "2438"]
[BlackElo "2499"]
[EventDate "2010.07.08"]

1. c4 e5 2. g3 Nc6 3. Nc3 f5 4. Nf3 Nf6 5. d4 e4 6. Nh4 g6 7. Bg2 d5 8. Bg5
dxc4 9. f3 Be7 10. fxe4 Nxe4 11. Bxe7 Qxe7 12. Qa4 Bd7 13. Qxc4 Nd6 14. Qd3
Nb4 15. Qb1 Bc6 16. d5 Bd7 17. O-O O-O 18. Qc1 Rae8 19. Nf3 Nc4 20. a3 Na6
21. Nd1 Qc5+ 22. Kh1 Nb6 23. Qxc5 Nxc5 24. Nd4 Ne4 25. Nc3 Nxc3 26. bxc3
Na4 27. Rab1 b6 28. Bf3 Re3 29. Rfc1 Rc8 30. Kg1 Kg7 31. Kf2 Re5 32. Nb3
Be8 33. Rc2 Kf6 34. Rd1 Rd8 35. c4 c5 36. Nc1 Re7 37. Nd3 Rd6 38. h4 Rc7
39. g4 b5 40. g5+ Kg7 41. Nf4 Rc8 42. Ne6+ Kf7 43. h5 Bd7 44. hxg6+ hxg6
45. cxb5 Bxe6 46. dxe6+ Kxe6 47. Rh1 Rc7 48. Rh4 Nb6 1/2-1/2

[Event "ch-SUI"]
[Site "Lenzerheide SUI"]
[Date "2010.07.13"]
[Round "6"]
[White "Ekstroem,R"]
[Black "Pelletier,Y"]
[Result "0-1"]
[WhiteElo "2496"]
[BlackElo "2589"]
[EventDate "2010.07.08"]

1. d4 Nf6 2. c4 e6 3. g3 d5 4. Nf3 Bb4+ 5. Bd2 Be7 6. Bg2 c6 7. Qc2 Nbd7 8.
O-O b6 9. Bf4 O-O 10. Rd1 Ba6 11. Nbd2 Nh5 12. Be3 f5 13. Qa4 Bb7 14. Nf1
Bd6 15. Bg5 Nhf6 16. e3 Qc7 17. Bf4 Ne4 18. Rac1 h6 19. Ne1 g5 20. Bxd6
Qxd6 21. f3 Nef6 22. Nd3 Qe7 23. Qb4 Qxb4 24. Nxb4 a5 25. cxd5 cxd5 26. Nc6
Bxc6 27. Rxc6 Rfc8 28. Rdc1 Rxc6 29. Rxc6 Kf7 30. Nd2 Ke7 31. e4 fxe4 32.
fxe4 dxe4 33. Nxe4 Nxe4 34. Bxe4 Rf8 35. Bc2 e5 36. dxe5 Nxe5 37. Rxh6 Nf3+
38. Kh1 Ne1 39. h4 Nxc2 40. Rxb6 Rf1+ 41. Kh2 g4 42. Rb5 Ke6 43. Rxa5 Rf2+
44. Kg1 Rf3 45. Kh2 Rf2+ 46. Kg1 Rf3 47. Kh2 Ne3 48. Ra3 Kf5 49. Ra5+ Ke4
50. h5 Rf2+ 51. Kh1 Kf3 52. Ra3 Re2 0-1

[Event "ch-SUI"]
[Site "Lenzerheide SUI"]
[Date "2010.07.14"]
[Round "7"]
[White "Kurmann,O"]
[Black "Huss,A"]
[Result "1-0"]
[WhiteElo "2449"]
[BlackElo "2304"]
[EventDate "2010.07.08"]

1. e4 e6 2. d4 d5 3. Nd2 c5 4. exd5 exd5 5. Ngf3 Nc6 6. Bb5 Bd6 7. dxc5
Bxc5 8. O-O Nge7 9. Nb3 Bd6 10. Re1 O-O 11. Bd3 h6 12. h3 Bc7 13. c3 Qd6
14. Be3 Rd8 15. Qe2 Ng6 16. Rad1 Nce5 17. Nbd4 Bd7 18. Nxe5 Qxe5 19. Nf3
Qh5 20. Nd4 Qe5 21. Nf3 Qh5 22. Nh2 Qe5 23. Nf1 Nf4 24. Bxf4 Qxf4 25. Bc2
Be6 26. Qd3 Bb6 27. Qh7+ Kf8 28. Ne3 Qf6 29. Nf5 g5 30. Nd4 Re8 31. Rd3 Qg7
32. Qxg7+ Kxg7 33. Ba4 Bd7 34. Rxe8 Bxe8 35. Bb3 Bc6 36. Nf5+ Kf6 37. Nxh6
Rd8 38. Rf3+ Kg7 39. Nxf7 Re8 40. Nxg5 Re1+ 41. Kh2 Bc7+ 42. g3 d4 43. Rf7+
Kh6 44. Nf3 Rb1 45. Bc2 1-0

[Event "ch-SUI"]
[Site "Lenzerheide SUI"]
[Date "2010.07.14"]
[Round "7"]
[White "Jenni,F"]
[Black "Ekstroem,R"]
[Result "1-0"]
[WhiteElo "2542"]
[BlackElo "2496"]
[EventDate "2010.07.08"]

1. e4 c6 2. d4 d5 3. e5 Bf5 4. c3 e6 5. Be3 Nd7 6. Nd2 Ne7 7. f4 h5 8. Ngf3
h4 9. Be2 Qb6 10. Qb3 a5 11. Qxb6 Nxb6 12. a4 Nd7 13. Kf2 f6 14. g3 hxg3+
15. hxg3 Rxh1 16. Rxh1 Bc2 17. b3 Nf5 18. Rc1 Nxe3 19. Kxe3 Bg6 20. Bd3 Kf7
21. Bxg6+ Kxg6 22. Rh1 Be7 23. exf6 gxf6 24. f5+ exf5 25. Nh4+ Kf7 26. Nxf5
Nf8 27. Kd3 b5 28. g4 bxa4 29. bxa4 Rb8 30. Kc2 Bd8 31. Rh6 Ke6 32. Nb3 Kf7
33. Nc5 Be7 34. Nd3 Ba3 35. g5 fxg5 36. Ne5+ Kg8 37. Rxc6 Rb2+ 38. Kd3 Rf2
39. Ne3 Bc1 40. Nxd5 Bf4 41. Ng4 Ra2 42. Ra6 Rxa4 43. Ra7 Nh7 44. Nh6+ Kh8
45. Nf5 Kg8 46. Rg7+ 1-0

[Event "ch-SUI"]
[Site "Lenzerheide SUI"]
[Date "2010.07.14"]
[Round "7"]
[White "Zueger,B"]
[Black "Forster,Ri"]
[Result "1/2-1/2"]
[WhiteElo "2404"]
[BlackElo "2438"]
[EventDate "2010.07.08"]

1. c4 e5 2. g3 Nc6 3. Bg2 f5 4. Nc3 Nf6 5. d3 Bb4 6. Bd2 Bxc3 7. Bxc3 d6 8.
e3 O-O 9. Ne2 Qe8 10. Qd2 Bd7 1/2-1/2

[Event "ch-SUI"]
[Site "Lenzerheide SUI"]
[Date "2010.07.15"]
[Round "8"]
[White "Huss,A"]
[Black "Forster,Ri"]
[Result "0-1"]
[WhiteElo "2304"]
[BlackElo "2438"]
[EventDate "2010.07.08"]

1. d4 Nf6 2. c4 g6 3. Nf3 Bg7 4. Nc3 O-O 5. e4 d6 6. Be2 e5 7. d5 a5 8. Bg5
h6 9. Bh4 Na6 10. Nd2 h5 11. Bg5 Qd7 12. a3 Nh7 13. Be3 h4 14. b4 f5 15. f3
Bf6 16. c5 Bg5 17. Bf2 Nf6 18. Nc4 fxe4 19. Nxe4 Nxe4 20. fxe4 dxc5 21.
bxc5 Qe7 22. O-O Rf4 23. Qc2 Nb8 24. g3 Rf7 25. gxh4 Bf4 26. Qc3 Nd7 27.
Bg3 Nf6 28. Bxf4 exf4 29. Rxf4 Nxe4 30. Rxf7 Qxf7 31. Qe3 Bf5 32. Rd1 Re8
33. Bf3 Qf6 34. Qf4 Qc3 35. Be2 Qc2 36. Re1 Nc3 37. Qd2 Nxe2+ 38. Kf2 Qxc4
0-1

[Event "ch-SUI"]
[Site "Lenzerheide SUI"]
[Date "2010.07.15"]
[Round "8"]
[White "Korchnoi,V"]
[Black "Zueger,B"]
[Result "0-1"]
[WhiteElo "2564"]
[BlackElo "2404"]
[EventDate "2010.07.08"]

1. d4 Nf6 2. c4 c5 3. d5 b5 4. cxb5 a6 5. e3 axb5 6. Bxb5 Qa5+ 7. Nc3 Bb7
8. Bd2 Qb6 9. Nf3 Nxd5 10. a4 e6 11. O-O Be7 12. Re1 Nb4 13. e4 O-O 14. Bf4
d6 15. Nd2 e5 16. Be3 N8c6 17. Na2 Nxa2 18. Rxa2 Nb4 19. Ra1 d5 20. exd5
Bxd5 21. Rc1 Rfd8 22. Qg4 Rac8 23. Qxb4 Qg6 0-1

[Event "ch-SUI"]
[Site "Lenzerheide SUI"]
[Date "2010.07.15"]
[Round "8"]
[White "Kurmann,O"]
[Black "Pelletier,Y"]
[Result "1/2-1/2"]
[WhiteElo "2449"]
[BlackElo "2589"]
[EventDate "2010.07.08"]

1. e4 e6 2. d4 d5 3. Nc3 dxe4 4. Nxe4 Nd7 5. Nf3 Ngf6 6. Bd3 c5 7. O-O Nxe4
8. Bxe4 Nf6 9. Bg5 cxd4 10. Nxd4 Be7 11. Bf3 O-O 12. Re1 Qb6 13. Nb3 Rd8
14. Qe2 Qc7 15. g3 h6 16. Bf4 Bd6 17. Bxd6 Rxd6 18. Qe5 Rd7 19. Na5 Rb8 20.
c4 Qxe5 21. Rxe5 b6 22. Nc6 Rbb7 23. Re2 Rbc7 24. Ne5 Rd4 25. b3 Kf8 26.
Kf1 Nd7 1/2-1/2

[Event "ch-SUI"]
[Site "Lenzerheide SUI"]
[Date "2010.07.16"]
[Round "9"]
[White "Pelletier,Y"]
[Black "Huss,A"]
[Result "1-0"]
[WhiteElo "2589"]
[BlackElo "2304"]
[EventDate "2010.07.08"]

1. Nf3 Nf6 2. g3 d5 3. Bg2 c6 4. O-O Bg4 5. c4 Bxf3 6. Bxf3 e6 7. d3 Bd6 8.
Be3 Nbd7 9. Qb3 Qc7 10. cxd5 exd5 11. Rc1 O-O 12. Nc3 Qb8 13. Rab1 Re8 14.
Qd1 Ne5 15. Bg2 Neg4 16. Bd4 Be5 17. Bxe5 Qxe5 18. d4 Qf5 19. Qf1 Nd7 20.
Re1 Qh5 21. h3 Ngf6 22. e3 Ne4 23. Nxe4 dxe4 24. Rec1 Rad8 25. b4 a6 26. a4
Nb6 27. b5 cxb5 28. axb5 a5 29. Rc7 Qd5 30. Rc5 Qd6 31. Ra1 a4 32. Qb1 Qg6
33. g4 Rd5 34. Rxd5 Nxd5 35. Qc2 h5 36. gxh5 Qf5 37. Rxa4 Kh7 38. Ra7 Re7
39. Ra8 Nf6 40. Qc5 Qxh5 1-0

[Event "ch-SUI"]
[Site "Lenzerheide SUI"]
[Date "2010.07.16"]
[Round "9"]
[White "Zueger,B"]
[Black "Ekstroem,R"]
[Result "1/2-1/2"]
[WhiteElo "2404"]
[BlackElo "2496"]
[EventDate "2010.07.08"]

1. c4 e6 2. Nf3 Nf6 3. g3 b6 4. Bg2 Bb7 5. O-O c5 6. Nc3 Be7 7. b3 O-O 8.
Bb2 a6 9. d4 cxd4 10. Nxd4 Bxg2 11. Kxg2 Qc7 12. e3 Qb7+ 13. Qf3 Ra7 14.
Rfd1 1/2-1/2

[Event "ch-SUI"]
[Site "Lenzerheide SUI"]
[Date "2010.07.16"]
[Round "9"]
[White "Forster,Ri"]
[Black "Korchnoi,V"]
[Result "1-0"]
[WhiteElo "2438"]
[BlackElo "2564"]
[EventDate "2010.07.08"]

1. c4 e6 2. g3 d5 3. Bg2 d4 4. Nf3 c5 5. e3 Nc6 6. exd4 cxd4 7. O-O Nf6 8.
d3 Be7 9. Re1 O-O 10. Na3 a5 11. Nc2 Ne8 12. a3 f6 13. Bd2 e5 14. b4 Bg4
15. Qe2 Rf7 16. h3 Bd7 17. b5 Na7 18. Nh4 g5 19. Bd5 Ng7 20. Bxf7+ Kxf7 21.
Nf3 Bxh3 22. Bxg5 fxg5 23. Nxe5+ Kg8 24. g4 Qf8 25. Qe4 Rd8 26. Qh1 Ne6 27.
Qxh3 Nf4 28. Qf3 Bd6 29. Re4 Qh6 30. Rxf4 gxf4 31. Qd5+ Kg7 32. Nf7 Qh3 33.
Nxd6 Qxg4+ 34. Kf1 Qh3+ 35. Ke1 Rf8 36. Qg5+ Kh8 37. Qe5+ Kg8 38. Qg5+ Kh8
39. Qe5+ Kg8 40. Kd2 Qg2 1-0